Most Searched Wikipedia Pages (People) 21-40 - Statistics

General Stats
  • This quiz has been taken 26 times
  • The average score is 17 of 20
Answer Stats
Picture Hint Answer % Correct
Rank:22 Abraham Lincoln
100%
Rank:32 Tupac Shakur
100%
Rank:29 Albert Einstein
96%
Rank:23 Elon Musk
96%
Rank:34 John F. Kennedy
96%
Rank:30 Leonardo DiCaprio
96%
Rank:38 Jennifer Aniston
92%
Rank:27 Rihanna
92%
Rank:39 Arnold Schwarzenegger
88%
Rank:24 Johnny Depp
88%
Rank:31 Kanye West
88%
Rank:26 Kobe Bryant
88%
Rank:33 Angelina Jolie
83%
Rank:25 Selena Gomez
83%
Rank:36 Tom Cruise
83%
Rank:28 LeBron James
79%
Rank:35 Scarlett Johansson
79%
Rank: 21 Lil Wayne
71%
Rank:37 Mila Kunis
67%
Rank:40 Pablo Escobar
54%
No matching quizzes found
Score Distribution
Percent of People with Each Score
Percentile by Number Answered
Your Score History
You have not taken this quiz